Gibt es noch einen Spielraum fürHandels- und Industriepolitik in Entwicklungsländern (Record no. 3435)

MARC details
000 -LEADER
fixed length control field 00579nam a22002057i 4500
001 - CONTROL NUMBER
control field 3485
003 - CONTROL NUMBER IDENTIFIER
control field OSt
005 - DATE AND TIME OF LATEST TRANSACTION
control field 20170126082319.0
007 - PHYSICAL DESCRIPTION FIXED FIELD--GENERAL INFORMATION
fixed length control field tu
008 - FIXED-LENGTH DATA ELEMENTS--GENERAL INFORMATION
fixed length control field 161220s1997 xxu||||| |||| 00| 0 d
024 7# - OTHER STANDARD IDENTIFIER
Standard number or code 3484
Source of number or code RID
040 ## - CATALOGING SOURCE
Transcribing agency OSt
084 ## - OTHER CLASSIFICATION NUMBER
Classification number 15.24
-- 11.23
Number source z
100 1# - MAIN ENTRY--PERSONAL NAME
Personal name Shams, Rasul
245 00 - TITLE STATEMENT
Title Gibt es noch einen Spielraum fürHandels- und Industriepolitik in Entwicklungsländern
260 ## - PUBLICATION, DISTRIBUTION, ETC.
Place of publication, distribution, etc. Hamburg :
Name of publisher, distributor, etc. HWWA-Institut für Wirtschaftsforschung,Hamburg,
Date of publication, distribution, etc. 1997.
300 ## - PHYSICAL DESCRIPTION
Extent 22 S. ;
Dimensions 30cm.
490 ## - SERIES STATEMENT
Series statement HWWA-Diskussionspapier
Volume/sequential designation 44
651 ## - SUBJECT ADDED ENTRY--GEOGRAPHIC NAME
Geographic name Developing countries
942 ## - ADDED ENTRY ELEMENTS (KOHA)
Koha item type Book
Holdings
Withdrawn status Lost status Damaged status Not for loan Home library Current library Shelving location Date acquired Inventory number Total Checkouts Full call number Barcode Date last seen Price effective from Koha item type
        WIIW WIIW Library 05/21/1997 3485   II-6.122/44 303483 01/26/2017 01/26/2017 Book
The Vienna Instiute for International Economic Studies (wiiw)